Statistiques concernant Les 20 joueurs les plus décisifs en Ligue 1.

Cliquez ici pour prendre le quiz!

Statistiques générales

  • Ce quiz a été pris 150 fois
  • Le résultat moyen est 14 sur 20

Statistiques - réponses

G+AJoueursClubsNationalité% Correct
220Kylian MbappeMonaco
PSG
France
100%
158Edinson CavaniPSGUruguay
97%
150Zlatan IbrahimovicPSGSuede
97%
130NeymarPSGBresil
92%
185Wissam Ben YedderToulouse
Monaco
France
88%
151Alexandre LacazetteLyonFrance
86%
206Dimitri PayetNantes
Saint-Etienne
Lille
Marseille
France
86%
128Angel Di MariaPSGArgentine
83%
150PauletaBordeaux
PSG
Portugal
81%
137JuninhoLyonBresil
79%
125Andre-Pierre GignacLorient
Toulouse
Marseille
France
59%
119Andy DelortAjaccio
Caen
Toulouse
Montpellier
Nice
Nantes
Algerie
59%
148Bafetimbi GomisSaint-Etienne
Lyon
Marseille
France
56%
129Florian ThauvinBastia
Marseille
France
56%
157Jimmy BriandRennes
Lyon
Guingamp
Bordeaux
France
54%
121Kevin GameiroStrasbourg
Lorient
PSG
France
53%
120Mamadou NiangTroyes
Strasbourg
Marseille
Senegal
49%
113Mevlut ErdincSochaux
PSG
Rennes
Saint-Etienne
Guingamp
Metz
Turquie
33%
109Romain HamoumaCaen
Saint-Etienne
Ajaccio
France
25%
117Pierre-Alain FrauSochaux
Lyon
Lens
PSG
Lille
Caen
France
18%

Distribution des résultats

Percentile par nombre de réponses

% des personnes avec chaque résultat

Votre développement - résultats

Vous n’avez pas pris ce quiz